000 nam a22 7a 4500
999 _c331061
_d331061
003 NUST
005 20170830115216.0
008 170830b xxu||||| |||| 00| 0 eng d
040 _c0
082 _a361.06
100 _4John McLeod
245 _aCounselling skills : a practical guide for counsellors and helping professionals.
250 _a2nd ed.
260 _aEngland
_bMcgraw-Hill
_c2011
300 _a356p
942 _2ddc
_cBK